LDR 01098naa#a2200169#i#450# 001 RU\\bibl\116618 005 20260429190416.3 011 ## _a1994-4683 100 ## _a20260429b2026####ek#y0rusy0150####ca 102 ## _aRU 200 1# _aСравнительный анализ показателей развития физических способностей применительно к специфике будущей профессиональной деятельности у студентов 1 курса Приморского ГАТУ _eЖурнальная статья 210 1# _aМосква _cНациональный государственный Университет физической культуры, спорта и здоровья им. П.Ф. Лесгафта _d2026 215 ## _a6 с. 608 ## _aЖурнальная статья _2local 675 ## _aРоль физкультуры и спорта в воспитании и общем развитии личности. 796.011.1 _z 700 #1 _aБанку _gТатьяна Анатольевна 856 4# _auchzapiski.lesgaft.spb.ru _u